[Event "Stay Safe Play From Home 278"]
[Site "Emanuel Lasker Arena"]
[Date "2020.07.05"]
[Round "9"]
[White "Bardellosport"]
[Black "Mepe_Nika"]
[Result "1-0"]
[WhiteElo "1998"]
[BlackElo "2412"]
[PlyCount "107"]
[EventDate "2020.07.05"]
[EventType "swiss (blitz)"]

1. e3 {[%emt 0:00:01]} e5 {[%emt 0:00:01]} 2. d4 {[%emt 0:00:01]} exd4 {[%emt 0:00:01]} 3. exd4 {[%emt 0:00:00]} Nf6 {[%emt 0:00:01]} 4. c3 {[%emt 0:00:00]} d5 {[%emt 0:00:01]} 5. f4 {[%emt 0:00:00]} Bd6 {[%emt 0:00:02]} 6. Nf3 {[%emt 0:00:00]} O-O {[%emt 0:00:00]} 7. Bd3 {[%emt 0:00:00]} Ne4 {[%emt 0:00:02]} 8. Ne5 {[%emt 0:00:01]} f6 {[%emt 0:00:01]} 9. Bxe4 {[%emt 0:00:00]} dxe4 {[%emt 0:00:02]} 10. Qb3+ {[%emt 0:00:01]} Kh8 {[%emt 0:00:02]} 11. Nf7+ {[%emt 0:00:00]} Rxf7 {[%emt 0:00:00]} 12. Qxf7 {[%emt 0:00:00]} Nc6 {[%emt 0:00:01]} 13. Qh5 {[%emt 0:00:01]} Bd7 {[%emt 0:00:02]} 14. Qe2 {[%emt 0:00:00]} f5 {[%emt 0:00:02]} 15. O-O {[%emt 0:00:01]} Ne7 {[%emt 0:00:01]} 16. Be3 {[%emt 0:00:00]} Nd5 {[%emt 0:00:01]} 17. Nd2 {[%emt 0:00:01]} Qe7 {[%emt 0:00:01]} 18. Nc4 {[%emt 0:00:01]} Nf6 {[%emt 0:00:01]} 19. Ne5 {[%emt 0:00:01]} Be6 {[%emt 0:00:02]} 20. h3 {[%emt 0:00:01]} h6 {[%emt 0:00:01]} 21. Ng6+ {[%emt 0:00:02]} Kh7 {[%emt 0:00:01]} 22. Nxe7 {[%emt 0:00:00]} Bxe7 {[%emt 0:00:00]} 23. g4 {[%emt 0:00:01]} g6 {[%emt 0:00:02]} 24. g5 {[%emt 0:00:01]} hxg5 {[%emt 0:00:01]} 25. fxg5 {[%emt 0:00:00]} Nh5 {[%emt 0:00:01]} 26. Qg2 {[%emt 0:00:02]} Bd6 {[%emt 0:00:01]} 27. Rae1 {[%emt 0:00:04]} Rf8 {[%emt 0:00:00]} 28. c4 {[%emt 0:00:01]} Bxc4 {[%emt 0:00:01]} 29. Rf2 {[%emt 0:00:01]} Bd5 {[%emt 0:00:03]} 30. Rc1 {[%emt 0:00:01]} f4 {[%emt 0:00:01]} 31. Bd2 {[%emt 0:00:02]} f3 {[%emt 0:00:02]} 32. Qg4 {[%emt 0:00:01]} Bg3 {[%emt 0:00:03]} 33. Rff1 {[%emt 0:00:02]} Bd6 {[%emt 0:00:03]} 34. Qd7+ {[%emt 0:00:01]} Rf7 {[%emt 0:00:01]} 35. Qg4 {[%emt 0:00:00]} Ng3 {[%emt 0:00:01]} 36. Rf2 {[%emt 0:00:01]} Ne2+ {[%emt 0:00:01]} 37. Rxe2 {[%emt 0:00:01]} fxe2 {[%emt 0:00:00]} 38. Re1 {[%emt 0:00:00]} e3 {[%emt 0:00:02]} 39. Bxe3 {[%emt 0:00:01]} Bc4 {[%emt 0:00:02]} 40. Qh4+ {[%emt 0:00:02]} Kg7 {[%emt 0:00:01]} 41. Bf2 {[%emt 0:00:01]} Kg8 {[%emt 0:00:01]} 42. Qh6 {[%emt 0:00:01]} Bd3 {[%emt 0:00:02]} 43. h4 {[%emt 0:00:01]} Bb4 {[%emt 0:00:01]} 44. Kg2 {[%emt 0:00:05]} Bf8 {[%emt 0:00:00]} 45. Qxg6+ {[%emt 0:00:03]} Bxg6 {[%emt 0:00:01]} 46. Rxe2 {[%emt 0:00:00]} Re7 {[%emt 0:00:01]} 47. Rd2 {[%emt 0:00:01] Mepe_Nika offers a draw} Bg7 {[%emt 0:00:01]} 48. d5 {[%emt 0:00:00]} Be4+ {[%emt 0:00:00]} 49. Kg3 {[%emt 0:00:01]} Rd7 {[%emt 0:00:00]} 50. d6 {[%emt 0:00:00]} Rxd6 {[%emt 0:00:01]} 51. Bd4 {[%emt 0:00:00]} Rxd4 {[%emt 0:00:01]} 52. Rf2 {[%emt 0:00:00]} Be5+ {[%emt 0:00:01]} 53. Rf4 {[%emt 0:00:00]} Rd3+ {[%emt 0:00:00]} 54. Kg4 {[%emt 0:00:01] (Lag: Av=0.39s, max=0.6s)} 1-0

[Event "Stay Safe Play From Home 278"]
[Site "Emanuel Lasker Arena"]
[Date "2020.07.05"]
[Round "9"]
[White "Edmatuag"]
[Black "The Next Contender"]
[Result "0-1"]
[WhiteElo "1655"]
[BlackElo "1995"]
[PlyCount "92"]
[EventDate "2020.07.05"]
[EventType "swiss (blitz)"]

1. f3 {[%emt 0:00:04]} d5 {[%emt 0:00:00]} 2. Kf2 {[%emt 0:00:01]} c5 {[%emt 0:00:00]} 3. e3 {[%emt 0:00:01]} e6 {[%emt 0:00:00]} 4. g3 {[%emt 0:00:01]} Nf6 {[%emt 0:00:00]} 5. Bg2 {[%emt 0:00:01]} g6 {[%emt 0:00:00]} 6. Nc3 {[%emt 0:00:01]} Bg7 {[%emt 0:00:00]} 7. Nce2 {[%emt 0:00:00]} O-O {[%emt 0:00:00]} 8. Nf4 {[%emt 0:00:00]} b6 {[%emt 0:00:00]} 9. d4 {[%emt 0:00:01]} Bb7 {[%emt 0:00:00]} 10. dxc5 {[%emt 0:00:01]} Nbd7 {[%emt 0:00:00]} 11. c3 {[%emt 0:00:00]} bxc5 {[%emt 0:00:01]} 12. Bd2 {[%emt 0:00:01]} e5 {[%emt 0:00:01]} 13. Nd3 {[%emt 0:00:02]} Ne4+ {[%emt 0:00:00]} 14. fxe4 {[%emt 0:00:02]} dxe4 {[%emt 0:00:00]} 15. Ne1 {[%emt 0:00:01]} f5 {[%emt 0:00:00]} 16. Nc2 {[%emt 0:00:01]} f4 {[%emt 0:00:00]} 17. Ke1 {[%emt 0:00:01]} f3 {[%emt 0:00:01]} 18. Bf1 {[%emt 0:00:01]} Nf6 {[%emt 0:00:01]} 19. h3 {[%emt 0:00:03]} Nd5 {[%emt 0:00:01]} 20. Kf2 {[%emt 0:00:01]} Ba6 {[%emt 0:00:01]} 21. Bxa6 {[%emt 0:00:03]} g5 {[%emt 0:00:01]} 22. Bb7 {[%emt 0:00:01]} Rb8 {[%emt 0:00:01]} 23. Bxd5+ {[%emt 0:00:01]} Qxd5 {[%emt 0:00:00]} 24. c4 {[%emt 0:00:00]} Qxc4 {[%emt 0:00:01]} 25. Bc3 {[%emt 0:00:01]} Rfd8 {[%emt 0:00:02]} 26. Qe1 {[%emt 0:00:01]} Rxb2 {[%emt 0:00:02]} 27. Bxb2 {[%emt 0:00:02]} Qxc2+ {[%emt 0:00:00]} 28. Kf1 {[%emt 0:00:01]} Qxb2 {[%emt 0:00:04]} 29. Rd1 {[%emt 0:00:06]} Rxd1 {[%emt 0:00:04]} 30. Qxd1 {[%emt 0:00:01]} Qg2+ {[%emt 0:00:01]} 31. Ke1 {[%emt 0:00:01]} f2+ {[%emt 0:00:01]} 32. Kd2 {[%emt 0:00:03]} fxg1=Q+ {[%emt 0:00:01]} 33. Kc3 {[%emt 0:00:01]} Qxd1 {[%emt 0:00:01]} 34. Rxd1 {[%emt 0:00:01]} Qxg3 {[%emt 0:00:00]} 35. Rd6 {[%emt 0:00:02]} Bf8 {[%emt 0:00:00]} 36. Re6 {[%emt 0:00:02]} Qxh3 {[%emt 0:00:01]} 37. Rxe5 {[%emt 0:00:02]} Qxe3+ {[%emt 0:00:01]} 38. Kc4 {[%emt 0:00:02]} Qd4+ {[%emt 0:00:01]} 39. Kb5 {[%emt 0:00:01]} Qxe5 {[%emt 0:00:00]} 40. a4 {[%emt 0:00:00]} e3 {[%emt 0:00:00]} 41. a5 {[%emt 0:00:00]} a6+ {[%emt 0:00:01]} 42. Kxa6 {[%emt 0:00:01]} Qb2 {[%emt 0:00:00]} 43. Ka7 {[%emt 0:00:01]} e2 {[%emt 0:00:00]} 44. a6 {[%emt 0:00:00]} e1=Q {[%emt 0:00:01]} 45. Ka8 {[%emt 0:00:00]} Qee2 {[%emt 0:00:01]} 46. a7 {[%emt 0:00:00]} Qe8# {[%emt 0:00:01] (Lag: Av=0.58s, max=1.1s)} 0-1